Quản trị kinh doanh

保存先:
書誌詳細
第一著者: Nguyên Thảo
フォーマット: 図書
言語:Undetermined
出版事項: Hà Nội Lao động - Xã hội 2005
主題:
タグ: タグ追加
タグなし, このレコードへの初めてのタグを付けませんか!
Thư viện lưu trữ: Trung tâm Học liệu Trường Đại học Cần Thơ
LEADER 00598nam a2200217Ia 4500
001 CTU_101647
008 210402s9999 xx 000 0 und d
020 |c 79000 
082 |a 658 
082 |b Ng527 
100 |a Nguyên Thảo 
245 0 |a Quản trị kinh doanh 
245 0 |c Nguyên Thảo và Trung Nguyên 
260 |a Hà Nội 
260 |b Lao động - Xã hội 
260 |c 2005 
526 |a Quản trị rủi ro kinh doanh 
526 |b KT914 
650 |a industrial management 
904 |i Minh 
980 |a Trung tâm Học liệu Trường Đại học Cần Thơ